000 00503cam a22002054a 4500
005 20250605164255.0
008 250528s ||||||||||||||||||||||||d
035 _a21915
020 _a9789609964500
040 _aGR-AtMCL
_bgre
_dGR-AtMCL
_eAACR2
245 1 _aΘΕΣΣΑΛΟΝΙΚΗ GRAPHIC DESIGN 1980-2009
250 _a1
260 _bΣυλλογικο,
_c2010
300 _a355
700 1 _aRed Creative
_97798
942 _cBK
999 _c6972
_d6972